000 01096nac a22003137a 4500
001 BR7904537
003 BR-BrBNA
005 20240105114454.0
008 230509b bl.|||m| |||| 00| 0 por d
040 _aBR-BrBNA
_bpor
_cBiblioteca Nacional de Agricultura
072 _aF00; H20; F50
090 _a0010 BR7904537
100 1 _aLoureiro, M.C.
100 1 _aOliveira, D.M.A.
110 1 _aUniversidade Federal de Vicosa, MG (Brasil). Biblioteca Central
_910965
245 1 _aBibliografia especializada. Botanica [Producao vegetal; Doenca de planta; Ecologia vegetal; Fisiologia vegetal; Estrutura vegetal]
260 3 _aVicosa, MG (Brasil):
_c1979.
300 _a284 p.
490 _aSerie Bibliografia Especializada - Universidade Federal de Vicosa. Biblioteca Central (Brazil)
_vno. 20
_x
650 _aProducao vegetal
650 _aDoenca de planta
650 _aFisiologia vegetal
650 _aEstrutura vegetal
650 _aPlanta
650 _aEcologia vegetal
650 _aBibliografia
909 _a202312
_bLúcia Elande
_c55
_dLúcia Elande
942 _2AGRIS
_n0
_cMS
999 _c269555
_d269555